000
00237 a2200097 4500
001
31458
100
_a
Bobola, Daniel
245
_a
The Complete Idiot's Guide to Microsoft 2000
260
_a
New Delhi
_b
PHI
_c
1999
090
_c
21342
_d
21342
942
_a
NUST-CAE
_c
M
_c
12606
999
_c
266531
_d
266531